[Event "34.Schlosspark-Open"]
[Site "Wiesbaden-Biebrich"]
[Date "2025.08.28"]
[Round "1.56"]
[White "Rosenberger, Frank"]
[Black "Eckert, Michael"]
[Result "1-0"]
[WhiteElo "2036"]
[BlackElo "1744"]
[PlyCount "57"]
[EventDate "2025.08.28"]
[WhiteTeam "SK 1980 Gernsheim"]
[BlackTeam "SK Herborn 1946"]

1. e4 e5 2. Nf3 Nc6 3. d4 exd4 4. Nxd4 Nf6 5. Nxc6 bxc6 6. Bd3 d5 7. Nc3 Bb4 8. exd5 Bg4 9. f3 Bh5 10. Qe2+ Qe7 11. Qxe7+ Bxe7 12. dxc6 O-O 13. Bd2 Bg6 14. Bxg6 fxg6 15. O-O-O Rfd8 16. Bf4 Bd6 17. Bxd6 cxd6 18. Nb5 d5 19. Rhe1 Kf7 20. c3 a6 21. Nd4 Rd6 22. b4 Ne8 23. a4 Nc7 24. Rd2 Rb8 25. Rde2 Re8 26. Rxe8 Nxe8 27. b5 axb5 28. axb5 Rd8 29. b6 1-0

[Event "34.Schlosspark-Open"]
[Site "Wiesbaden-Biebrich"]
[Date "2025.08.28"]
[Round "1.57"]
[White "Kuchta, Maksim"]
[Black "Türkboylari, Bahadir"]
[Result "0-1"]
[WhiteElo "1739"]
[BlackElo "2032"]
[PlyCount "46"]
[EventDate "2025.08.28"]
[WhiteTeam "SC Heusenstamm"]
[BlackTeam "SK Neuburg"]

1. e4 c5 2. Nf3 d6 3. d4 cxd4 4. Nxd4 Nf6 5. Nc3 a6 6. f3 e5 7. Nb3 h5 8. Be3 Be6 9. Be2 Be7 10. Qd2 Nbd7 11. O-O-O Rc8 12. Kb1 b5 13. Rdg1 Nb6 14. Bf2 Nc4 15. Qd3 Qd7 16. h4 a5 17. Qd1 a4 18. Nd2 Nxb2 19. Kxb2 a3+ 20. Kxa3 b4+ 21. Kxb4 d5+ 22. Kb3 d4+ 23. Nc4 Qb7+ 0-1

[Event "34.Schlosspark-Open"]
[Site "Wiesbaden-Biebrich"]
[Date "2025.08.28"]
[Round "1.58"]
[White "Puschendorf, Steffen"]
[Black "Stehning, Michel"]
[Result "1-0"]
[WhiteElo "2026"]
[BlackElo "1709"]
[PlyCount "85"]
[EventDate "2025.08.28"]
[WhiteTeam "ESV Gera"]
[BlackTeam "SF Braunfels"]

1. d4 d5 2. c4 e6 3. Nf3 Nf6 4. g3 Be7 5. Bg2 O-O 6. O-O Nbd7 7. Qc2 c5 8. cxd5 Nxd5 9. a3 Qb6 10. e4 N5f6 11. dxc5 Nxc5 12. Nbd2 Bd7 13. b4 Na4 14. Qb3 Rfc8 15. Nc4 Qa6 16. Nce5 Bb5 17. Re1 Rc3 18. Qb1 Rac8 19. Be3 Rc2 20. Nd4 Rb2 21. Qd1 Nc3 22. Qf3 Ne2+ 23. Kh1 Bd6 24. Ng4 Nd7 25. a4 Nxd4 26. Bxd4 Be2 27. Qe3 Bxb4 28. Qg5 e5 29. Bxb2 Bxe1 30. Rxe1 f6 31. Nh6+ Kh8 32. Qd2 Qxa4 33. Rxe2 gxh6 34. Bh3 Rc7 35. Kg2 Kg7 36. Bc1 Rc8 37. Qxh6+ Kh8 38. Bxd7 Qxd7 39. Qxf6+ Kg8 40. Bh6 Qg4 41. Qxe5 Qg6 42. Qd5+ Kh8 43. Be3 1-0

[Event "34.Schlosspark-Open"]
[Site "Wiesbaden-Biebrich"]
[Date "2025.08.28"]
[Round "1.59"]
[White "Depner, Michael"]
[Black "Schild, Willi"]
[Result "1-0"]
[WhiteElo "1723"]
[BlackElo "2022"]
[PlyCount "127"]
[EventDate "2025.08.28"]
[WhiteTeam "SK 1962 Ladenburg"]
[BlackTeam "Schachgemeinschaft Siebengebirge"]

1. e4 d5 2. exd5 Qxd5 3. Nc3 Qd6 4. d4 c6 5. Nf3 Nf6 6. Be2 Bg4 7. h3 Bxf3 8. Bxf3 e6 9. O-O Nbd7 10. Re1 Be7 11. Ne4 Nxe4 12. Bxe4 Nf6 13. Bf3 O-O 14. Be3 Rfd8 15. c3 Rac8 16. Qb3 Qc7 17. d5 cxd5 18. Bxa7 Bc5 19. Bxc5 Qxc5 20. Rad1 Qc4 21. Qxc4 Rxc4 22. Re3 Rdc8 23. Red3 Kf8 24. Rd4 Ke7 25. Kf1 Rxd4 26. Rxd4 Rc7 27. Rb4 Kd6 28. Ke2 Kc5 29. Kd2 e5 30. Ra4 b6 31. Ra8 e4 32. Be2 g6 33. a4 Kc6 34. a5 bxa5 35. Ra6+ Kc5 36. Rxf6 Rb7 37. Kc2 d4 38. cxd4+ Kxd4 39. Ra6 Rc7+ 40. Kb3 Rc5 41. Ra7 Rf5 42. Rd7+ Kc5 43. f3 exf3 44. Bxf3 Rf4 45. Rb7 h5 46. Re7 Kb5 47. Re5+ Kb6 48. Re4 Rf5 49. Ka4 Ka6 50. Rd4 Rf6 51. b3 Kb6 52. Rd7 Rf4+ 53. Ka3 Kb5 54. Bd5 f6 55. Bf3 h4 56. Rg7 g5 57. Rd7 Kc5 58. Rd5+ Kb6 59. Bg4 Rf2 60. Rf5 Rxg2 61. Rxf6+ Kc5 62. Rf5+ Kd4 63. Rxa5 Rg1 64. Kb4 1-0

[Event "34.Schlosspark-Open"]
[Site "Wiesbaden-Biebrich"]
[Date "2025.08.28"]
[Round "1.60"]
[White "Wagner, Stefan"]
[Black "Vick, Edward"]
[Result "1/2-1/2"]
[WhiteElo "1984"]
[BlackElo "1719"]
[PlyCount "127"]
[EventDate "2025.08.28"]
[WhiteTeam "SC Landskrone"]
[BlackTeam "TuS Makkabi Wiesbaden"]

1. d4 d5 2. c4 Bf5 3. e3 e6 4. Nf3 c6 5. Bd2 Nf6 6. Be2 Bd6 7. Qb3 Qc7 8. c5 Be7 9. Ne5 O-O 10. g4 Be4 11. f3 Bxb1 12. Rxb1 Nbd7 13. Nxd7 Nxd7 14. O-O e5 15. Be1 exd4 16. Bg3 Qc8 17. exd4 Bf6 18. Qd3 b6 19. b4 Re8 20. Rfe1 a5 21. a3 axb4 22. axb4 bxc5 23. dxc5 Ne5 24. Qd1 Ra3 25. f4 Ng6 26. g5 Bc3 27. Rf1 Qe6 28. f5 Qxe2 29. Qxe2 Rxe2 30. fxg6 hxg6 31. b5 Bd4+ 32. Kh1 cxb5 33. Rxb5 Rc3 34. c6 Rxc6 35. Rxd5 Be3 36. Rd7 Bxg5 37. Rdxf7 Rf6 38. R1xf6 gxf6 39. Rd7 Bh6 40. Kg1 Bf8 41. Kf1 Re7 42. Rd8 Kf7 43. Rc8 Bh6 44. Rh8 Bg7 45. Rb8 f5 46. Bh4 Rd7 47. Rb5 Bf6 48. Bxf6 Kxf6 49. Kg2 Rd3 50. Rd5 Kg5 51. Rb5 Kg4 52. Rb2 g5 53. Rc2 f4 54. Rb2 f3+ 55. Kf2 Kh4 56. Rb8 Kg4 57. Rb2 Kf4 58. Rb4+ Kf5 59. Rb8 g4 60. Rf8+ Ke6 61. Rg8 Rd4 62. Ke3 Rb4 63. Rg5 Kd6 64. Rg8 1/2-1/2

[Event "34.Schlosspark-Open"]
[Site "Wiesbaden-Biebrich"]
[Date "2025.08.28"]
[Round "1.61"]
[White "Spiegel, Nina"]
[Black "McAdam, Mark"]
[Result "0-1"]
[WhiteElo "1716"]
[BlackElo "2011"]
[PlyCount "112"]
[EventDate "2025.08.28"]
[WhiteTeam "Sfr Stiller Zug Wiesbaden"]
[BlackTeam "SC Brett vorm Kopp Ffm"]

1. c4 f5 2. g3 Nf6 3. Bg2 g6 4. Nc3 Bg7 5. d4 O-O 6. Nf3 d6 7. O-O Nc6 8. d5 Ne5 9. Nxe5 dxe5 10. e4 e6 11. Bg5 Rb8 12. Qd2 Qe8 13. Bxf6 Rxf6 14. Rac1 f4 15. Nb5 Rf7 16. d6 c6 17. Nc7 Qd8 18. Rfd1 c5 19. Bh3 Qf6 20. Ne8 Qg5 21. Rc3 Bh6 22. Qe2 Bd7 23. Nc7 Rf6 24. Bg2 Bf8 25. h4 Qh6 26. Qg4 Qg7 27. Bh3 Qf7 28. Qe2 Bc6 29. g4 Bd7 30. Qf3 g5 31. h5 Bc6 32. Qd3 Qd7 33. Nb5 Rc8 34. Nc7 Rd8 35. Nb5 Bxb5 36. cxb5 Bxd6 37. Qc4 Qe7 38. Bg2 Rff8 39. Rcd3 Bc7 40. a3 Rd4 41. Rxd4 exd4 42. Rd3 Be5 43. a4 Kf7 44. f3 Qc7 45. Bf1 Rc8 46. Be2 Qa5 47. Kf2 Kf6 48. Bd1 Qb4 49. Bb3 Re8 50. Ke2 Re7 51. Kf2 Bc7 52. Ke2 Ke5 53. Rd1 Ba5 54. Kd3 a6 55. bxa6 bxa6 56. Rc1 Qd2# 0-1

[Event "34.Schlosspark-Open"]
[Site "Wiesbaden-Biebrich"]
[Date "2025.08.28"]
[Round "1.62"]
[White "Pioch, Thomas"]
[Black "Gerber, Ingo"]
[Result "1/2-1/2"]
[WhiteElo "2007"]
[BlackElo "1708"]
[PlyCount "48"]
[EventDate "2025.08.28"]
[WhiteTeam "SC Flörsheim 1921"]
[BlackTeam "Sfr.Mainz 1928"]

1. Nf3 Nf6 2. g3 d5 3. Bg2 c6 4. b3 g6 5. Bb2 Bg7 6. O-O O-O 7. c4 Nbd7 8. Qc2 e6 9. d3 Re8 10. d4 Qc7 11. Nbd2 e5 12. cxd5 cxd5 13. e3 b6 14. Rfc1 Bb7 15. Ne1 Rac8 16. Nd3 Qb8 17. Qd1 Ne4 18. Nxe4 dxe4 19. Nf4 exd4 20. Bxd4 Ne5 21. Rxc8 Rxc8 22. Rc1 Rd8 23. Qc2 Rc8 24. Qd1 Rd8 1/2-1/2

[Event "34.Schlosspark-Open"]
[Site "Wiesbaden-Biebrich"]
[Date "2025.08.28"]
[Round "1.63"]
[White "Ju, Eric Zirui"]
[Black "Schneider, Jörg"]
[Result "0-1"]
[WhiteElo "1699"]
[BlackElo "2004"]
[PlyCount "58"]
[EventDate "2025.08.28"]
[WhiteTeam "SV Oberursel"]
[BlackTeam "Sfr.Mainz 1928"]

1. e4 c5 2. Nf3 Nc6 3. d4 cxd4 4. Nxd4 g6 5. Nc3 Bg7 6. Be3 Nf6 7. f3 O-O 8. Qd2 d5 9. exd5 Nxd5 10. Nxc6 bxc6 11. Nxd5 cxd5 12. Bd4 Bxd4 13. Qxd4 e5 14. Qd2 Be6 15. h4 h5 16. Bd3 Rb8 17. b3 Qf6 18. Qc3 Rfc8 19. Qb2 Qf4 20. Ke2 e4 21. Ba6 Rc6 22. Qa3 Rxc2+ 23. Kf1 Qd2 24. Qc5 Qxg2+ 25. Ke1 Qxh1+ 26. Bf1 Rxc5 27. f4 Rc2 28. a4 Qh2 29. a5 Qd2# 0-1

[Event "34.Schlosspark-Open"]
[Site "Wiesbaden-Biebrich"]
[Date "2025.08.28"]
[Round "1.64"]
[White "Fucik, Timo"]
[Black "Drygalla, Alexander"]
[Result "1/2-1/2"]
[WhiteElo "1936"]
[BlackElo "1689"]
[PlyCount "40"]
[EventDate "2025.08.28"]
[WhiteTeam "SK 1926 Ettlingen"]
[BlackTeam "Schachverein Merseburg"]

1. d4 Nf6 2. Bg5 e6 3. e4 Be7 4. Nd2 h6 5. Bxf6 Bxf6 6. Ngf3 c5 7. c3 d6 8. dxc5 dxc5 9. Bb5+ Bd7 10. Qe2 Nc6 11. Rd1 Qc7 12. Nc4 O-O 13. O-O a6 14. Rxd7 Qxd7 15. Nb6 Qd8 16. Bxc6 Qxb6 17. Ba4 Rfd8 18. e5 Be7 19. h4 Qc7 20. h5 b5 1/2-1/2

[Event "34.Schlosspark-Open"]
[Site "Wiesbaden-Biebrich"]
[Date "2025.08.28"]
[Round "1.65"]
[White "Strache, Rolf"]
[Black "Gieringer, Clemens"]
[Result "0-1"]
[WhiteElo "1684"]
[BlackElo "1932"]
[PlyCount "82"]
[EventDate "2025.08.28"]
[WhiteTeam "SK Herborn 1946"]
[BlackTeam "Sfr.Mainz 1928"]

1. d4 Nf6 2. c4 e6 3. Nf3 d5 4. Bg5 c6 5. Nc3 dxc4 6. a4 Bb4 7. Bd2 O-O 8. e3 Nbd7 9. Bxc4 Qe7 10. O-O e5 11. dxe5 Nxe5 12. Be2 Bg4 13. Nxe5 Bxe2 14. Qxe2 Qxe5 15. Qc4 a5 16. Rad1 Rfe8 17. Bc1 Rad8 18. Ne2 h6 19. Ng3 Nd7 20. Qc2 Nc5 21. Rxd8 Rxd8 22. Rd1 Rxd1+ 23. Qxd1 Qd5 24. Qc2 Qb3 25. Qe2 Nxa4 26. h3 Qe6 27. e4 Bf8 28. Qd1 Nc5 29. Qd8 Qd7 30. Qxd7 Nxd7 31. f4 Nc5 32. Bd2 a4 33. Kf1 Nd3 34. Bc3 Nxf4 35. Kf2 b5 36. Kf3 Ne6 37. e5 b4 38. Bd2 Nd4+ 39. Ke4 Nb3 40. Be3 a3 41. bxa3 bxa3 0-1

[Event "34.Schlosspark-Open"]
[Site "Wiesbaden-Biebrich"]
[Date "2025.08.28"]
[Round "1.66"]
[White "Hendriks, Theo"]
[Black "Khalilov, Asrat"]
[Result "1-0"]
[WhiteElo "1987"]
[BlackElo "1680"]
[PlyCount "83"]
[EventDate "2025.08.28"]
[WhiteTeam "S.V.De Amstel"]
[BlackTeam "SK Bad Schwalbach"]

1. e4 c5 2. Nf3 Nc6 3. d4 cxd4 4. Nxd4 g6 5. Bc4 Bg7 6. Be3 Nf6 7. Nc3 O-O 8. Bb3 d6 9. f3 a6 10. O-O Qc7 11. Nxc6 bxc6 12. a4 Qa5 13. Qd2 Qe5 14. a5 Be6 15. f4 Qh5 16. Bxe6 fxe6 17. Rf3 Nd7 18. Rh3 Bxc3 19. Qxc3 Qb5 20. b4 Nf6 21. Qb3 d5 22. f5 exf5 23. exf5 Qc4 24. fxg6 hxg6 25. Qxc4 dxc4 26. Bc5 Nd5 27. Bd4 Nxb4 28. Rh8+ Kf7 29. Rf1+ Ke6 30. Rhxf8 Rxf8 31. Rxf8 Nxc2 32. Rd8 Nb4 33. Rb8 Nd5 34. Rb1 Nf4 35. Kf2 Kd5 36. Bc3 Ke4 37. Rd1 Nd3+ 38. Ke2 Nf4+ 39. Kd2 Nxg2 40. Rg1 Nf4 41. Re1+ Kf3 42. Rxe7 1-0

[Event "34.Schlosspark-Open"]
[Site "Wiesbaden-Biebrich"]
[Date "2025.08.28"]
[Round "1.67"]
[White "Nabuuma, Rakhshanah"]
[Black "Neurohr, Jürgen"]
[Result "0-1"]
[WhiteElo "1680"]
[BlackElo "1951"]
[PlyCount "104"]
[EventDate "2025.08.28"]
[WhiteTeam "VSG 1880 Offenbach"]
[BlackTeam "Sfr.Mainz 1928"]

1. d4 Nf6 2. Nf3 d5 3. Bf4 c5 4. c3 e6 5. e3 Nc6 6. Nbd2 Bd6 7. Ne5 Qc7 8. Ndf3 O-O 9. Bd3 Ne4 10. O-O f6 11. Nxc6 Bxf4 12. exf4 Qxc6 13. Bxe4 dxe4 14. Ne1 b6 15. Nc2 Bb7 16. Qe2 Rac8 17. Rad1 Rfd8 18. Rfe1 a5 19. f3 exf3 20. Qxe6+ Qxe6 21. Rxe6 fxg2 22. Rxb6 Be4 23. Ne3 cxd4 24. cxd4 Bf3 25. Re1 Rxd4 26. Nxg2 Bxg2 27. Kxg2 Rxf4 28. Re7 Rb4 29. Rbb7 Rxb7 30. Rxb7 h6 31. Rb5 a4 32. Rb4 a3 33. bxa3 Rc2+ 34. Kg3 Rxa2 35. Rb3 Kh7 36. h3 Kg6 37. Kf4 Kh5 38. Kg3 g5 39. Kf3 f5 40. Kg3 f4+ 41. Kf3 Kh4 42. Ke4 Rh2 43. Rf3 Rxh3 44. a4 Rh1 45. Ra3 Kg4 46. a5 Re1+ 47. Kd5 f3 48. a6 Re8 49. a7 f2 50. Ra1 Kg3 51. Kd4 Kg2 52. Kd3 f1=Q+ 0-1

[Event "34.Schlosspark-Open"]
[Site "Wiesbaden-Biebrich"]
[Date "2025.08.28"]
[Round "1.68"]
[White "Eveleens, Wim"]
[Black "Probstfeld, Bernd"]
[Result "1-0"]
[WhiteElo "1984"]
[BlackElo "1671"]
[PlyCount "45"]
[EventDate "2025.08.28"]
[WhiteTeam "S.V.De Amstel"]
[BlackTeam "SG Pieroth/Burg Layen"]

1. c4 e5 2. g3 Nf6 3. Bg2 Nc6 4. Nc3 d6 5. d3 Be7 6. e4 O-O 7. Nge2 Be6 8. h3 a6 9. O-O Rb8 10. Be3 Qd7 11. Kh2 b5 12. b3 b4 13. Nd5 a5 14. d4 exd4 15. Nxd4 Nxd4 16. Bxd4 Bxd5 17. cxd5 Rfe8 18. Rc1 Bd8 19. Qc2 Rc8 20. Rfe1 h6 21. Qc4 Nh7 22. h4 Bf6 23. Bh3 1-0

[Event "34.Schlosspark-Open"]
[Site "Wiesbaden-Biebrich"]
[Date "2025.08.28"]
[Round "1.70"]
[White "Steigleder, Maximilian"]
[Black "Glaesser, Leonhard"]
[Result "1-0"]
[WhiteElo "1981"]
[BlackElo "1661"]
[PlyCount "49"]
[EventDate "2025.08.28"]
[WhiteTeam "Sfr.1932 Kelkheim"]
[BlackTeam "Wiesbaden"]

1. e4 c5 2. f4 Nc6 3. Nf3 d5 4. exd5 Qxd5 5. Nc3 Qd8 6. Bb5 Bd7 7. d3 Nf6 8. O-O e6 9. Ne5 Rc8 10. Be3 Nd5 11. Nxd5 exd5 12. Qf3 d4 13. Bd2 Qf6 14. Rae1 Be7 15. Qd5 Be6 16. Nxc6 Bxd5 17. Nxe7+ Kf8 18. Nxc8 Bc6 19. Nxa7 Bxb5 20. Nxb5 Qb6 21. a4 f6 22. f5 Kf7 23. Ba5 Qc6 24. Re6 Qd7 25. Nd6+ 1-0

[Event "34.Schlosspark-Open"]
[Site "Wiesbaden-Biebrich"]
[Date "2025.08.28"]
[Round "1.71"]
[White "Busch, Günther"]
[Black "Rödiger, Thomas"]
[Result "1/2-1/2"]
[WhiteElo "1660"]
[BlackElo "1977"]
[PlyCount "33"]
[EventDate "2025.08.28"]
[WhiteTeam "Sfr Stiller Zug Wiesbaden"]
[BlackTeam "SC Bad Soden"]

1. Na3 d5 2. Nf3 Nf6 3. c3 c5 4. g3 Nc6 5. Bg2 g6 6. O-O Bg7 7. d3 O-O 8. Nc2 e5 9. Bg5 Qc7 10. Bxf6 Bxf6 11. e4 dxe4 12. dxe4 Bg4 13. Ne3 Bxf3 14. Qxf3 Bg7 15. Rad1 Rad8 16. Rxd8 Rxd8 17. Rd1 1/2-1/2

[Event "34.Schlosspark-Open"]
[Site "Wiesbaden-Biebrich"]
[Date "2025.08.28"]
[Round "1.72"]
[White "Tremöhlen, Thomas"]
[Black "Krannich, Eva"]
[Result "1-0"]
[WhiteElo "1974"]
[BlackElo "1651"]
[PlyCount "109"]
[EventDate "2025.08.28"]
[WhiteTeam "Sportgemeinschaft Kaarst 1912/35"]
[BlackTeam "Sfr.Heidesheim"]

1. Nf3 g6 2. d4 Nf6 3. Nc3 Bg7 4. e4 d6 5. h3 O-O 6. Be3 Nbd7 7. Be2 e5 8. Qd2 c6 9. O-O Qe7 10. dxe5 dxe5 11. Bg5 Nc5 12. Rfd1 Ne6 13. Bh6 Nc5 14. Bxg7 Kxg7 15. Qe3 Nh5 16. b4 Nd7 17. b5 Ndf6 18. bxc6 bxc6 19. Qd2 Bd7 20. Qd6 Rfe8 21. Rab1 Rad8 22. Qxe7 Rxe7 23. Rb7 Nf4 24. Bf1 Rde8 25. Rxa7 Bc8 26. Rxe7 Rxe7 27. Rd6 Bb7 28. g3 N4h5 29. a4 Nd7 30. Nd2 Nc5 31. Nb3 Nxb3 32. cxb3 Nf6 33. a5 Ne8 34. Rd8 Nc7 35. Rb8 Na6 36. Bxa6 Bxa6 37. Rb6 Bb7 38. Na4 Ba8 39. Nc5 Ra7 40. a6 h6 41. b4 h5 42. Nb7 g5 43. Kf1 Kf8 44. Nd6 Kg7 45. f3 Rd7 46. Nf5+ Kf6 47. Ke2 g4 48. fxg4 hxg4 49. h4 Kg6 50. b5 f6 51. bxc6 Re7 52. Kd3 Kh5 53. Rb8 Bxc6 54. Rh8+ Kg6 55. Rh6+ 1-0

[Event "34.Schlosspark-Open"]
[Site "Wiesbaden-Biebrich"]
[Date "2025.08.28"]
[Round "1.74"]
[White "Bischoff, Ulrich"]
[Black "Hammel, Jens"]
[Result "1-0"]
[WhiteElo "1963"]
[BlackElo "1641"]
[PlyCount "103"]
[EventDate "2025.08.28"]
[WhiteTeam "Schachfreunde Eltville"]
[BlackTeam "SK 1858 Gießen"]

1. d4 d5 2. c4 e6 3. Nf3 Nf6 4. g3 Be7 5. Bg2 O-O 6. O-O c6 7. Qc2 Nbd7 8. Rd1 b5 9. b3 dxc4 10. bxc4 Bb7 11. Bb2 Rc8 12. Ne5 Nb6 13. c5 Nbd5 14. Nd2 a5 15. h4 Qc7 16. Ndf3 h6 17. Bc1 Nb4 18. Qb1 Nfd5 19. Bd2 f5 20. Ng6 Rf6 21. Nxe7+ Qxe7 22. a3 Na6 23. Bxa5 f4 24. g4 Rcf8 25. Bd2 Bc8 26. Ne5 Nb8 27. Ng6 Rxg6 28. Qxg6 Qxh4 29. Qh5 Qf6 30. Be1 f3 31. Bxf3 Nf4 32. Qh1 e5 33. e3 e4 34. Bxe4 Ne2+ 35. Kg2 Bxg4 36. f4 Nxf4+ 37. exf4 Bxd1 38. Rxd1 Qxf4 39. Kh3 Qe3+ 40. Bg3 Rf4 41. Re1 Qxa3 42. Bxc6 Nxc6 43. Qxc6 h5 44. Qxb5 h4 45. Qe8+ Rf8 46. Qe6+ Kh8 47. Kxh4 Rf6 48. Qe8+ Kh7 49. Qe4+ Kh8 50. Rb1 Qa7 51. Rb8+ Rf8 52. Rxf8# 1-0

[Event "34.Schlosspark-Open"]
[Site "Wiesbaden-Biebrich"]
[Date "2025.08.28"]
[Round "1.75"]
[White "Wernicke, Dieter"]
[Black "Hrytseniuk, Yanislav"]
[Result "1-0"]
[WhiteElo "1631"]
[BlackElo "1963"]
[PlyCount "71"]
[EventDate "2025.08.28"]
[WhiteTeam "SV Mainspitze Ginsheim"]
[BlackTeam "Sfr.Mainz 1928"]

1. e4 e5 2. Nf3 Nc6 3. Bb5 Bc5 4. c3 Qe7 5. O-O Nf6 6. d4 exd4 7. cxd4 Bb6 8. Nc3 h6 9. e5 Nh7 10. d5 Nd8 11. Bf4 O-O 12. Qd2 f6 13. d6 Qf7 14. Nd5 Ne6 15. Bc4 cxd6 16. Nxb6 axb6 17. exd6 g5 18. Be3 Kh8 19. Nd4 Re8 20. Nf5 Ra5 21. Nxh6 Qh5 22. Bxb6 Re5 23. Bd4 Qxh6 24. Bxe5 fxe5 25. Qc3 Nd4 26. Rfe1 Qxd6 27. Rad1 Nf6 28. Qh3+ Kg7 29. Qe3 Kh6 30. h4 Kh7 31. hxg5 Qb4 32. Qh3+ Kg6 33. Qh6+ Kf5 34. Qxf6+ Kg4 35. Re4+ Kh5 36. Qh6# 1-0

[Event "34.Schlosspark-Open"]
[Site "Wiesbaden-Biebrich"]
[Date "2025.08.28"]
[Round "1.76"]
[White "von Auer, Ulrich"]
[Black "Vranckx, Gabriel"]
[Result "1-0"]
[WhiteElo "1960"]
[BlackElo "1622"]
[PlyCount "87"]
[EventDate "2025.08.28"]
[WhiteTeam "SV Oberursel"]
[BlackTeam "Sfr.Mainz 1928"]

1. d4 d5 2. Nf3 Nc6 3. Bf4 Bf5 4. e3 e6 5. Bb5 a6 6. Be2 Bd6 7. Bxd6 Qxd6 8. O-O Nf6 9. c4 b6 10. Nc3 O-O 11. Rc1 dxc4 12. Bxc4 b5 13. Be2 Nd5 14. Qd2 Nce7 15. Nh4 Nxc3 16. Rxc3 Be4 17. Rfc1 Rac8 18. Bf3 Bxf3 19. Nxf3 c6 20. Qc2 f6 21. Rc5 a5 22. a4 Rb8 23. b3 Rfc8 24. Qd2 Qd8 25. h3 bxa4 26. bxa4 Rb4 27. Qa2 Kf7 28. Ne1 Qb6 29. Nd3 Rb3 30. Nf4 g5 31. Nxe6 Nd5 32. Nxg5+ fxg5 33. Rxd5 cxd5 34. Rxc8 Rb1+ 35. Kh2 Qd6+ 36. g3 Rb6 37. Rc5 Qd7 38. Rxd5 Qe6 39. Rf5+ Kg6 40. Qxe6+ Rxe6 41. Rxa5 h5 42. Rb5 g4 43. a5 Rf6 44. Rb6 1-0

[Event "34.Schlosspark-Open"]
[Site "Wiesbaden-Biebrich"]
[Date "2025.08.28"]
[Round "1.77"]
[White "Wolf, Helena"]
[Black "Calvi, Stefan"]
[Result "0-1"]
[WhiteElo "1622"]
[BlackElo "1959"]
[PlyCount "44"]
[EventDate "2025.08.28"]
[WhiteTeam "SK Bad Homburg 1927"]
[BlackTeam "SV Oberursel"]

1. e4 c5 2. Nf3 Nc6 3. d4 cxd4 4. Nxd4 e5 5. Nb5 d6 6. N1c3 a6 7. Na3 Be7 8. Nd5 Nf6 9. f3 O-O 10. Be3 Nxd5 11. exd5 Nd4 12. Bxd4 exd4 13. Qxd4 Bf6 14. Qb4 Re8+ 15. Kf2 b5 16. Rb1 Qb6+ 17. Kg3 Be5+ 18. f4 Qe3+ 19. Kh4 Bf6+ 20. Kh5 g6+ 21. Kh6 Bg7+ 22. Kg5 Qe7# 0-1

[Event "34.Schlosspark-Open"]
[Site "Wiesbaden-Biebrich"]
[Date "2025.08.28"]
[Round "1.78"]
[White "Klein, Deniz"]
[Black "Cimicky, Václav"]
[Result "1-0"]
[WhiteElo "1956"]
[BlackElo "1620"]
[PlyCount "55"]
[EventDate "2025.08.28"]
[WhiteTeam "SK Kaiserslautern 1905"]
[BlackTeam "Sfr Stiller Zug Wiesbaden"]

1. e4 e5 2. Nf3 Nc6 3. Bb5 a6 4. Ba4 Nf6 5. O-O b5 6. Bb3 Be7 7. Re1 d6 8. c3 O-O 9. h3 Bb7 10. d4 Na5 11. Bc2 exd4 12. cxd4 c5 13. Nbd2 cxd4 14. Nxd4 Nc4 15. Nxc4 bxc4 16. Nf5 Bc8 17. Nxe7+ Qxe7 18. Bf4 Rd8 19. Qd4 Qc7 20. Rad1 Ne8 21. Bg5 f6 22. Qd5+ Qf7 23. Qxa8 fxg5 24. e5 Qb7 25. Qxb7 Bxb7 26. exd6 Nxd6 27. Re6 Nf7 28. Rxd8+ 1-0

[Event "34.Schlosspark-Open"]
[Site "Wiesbaden-Biebrich"]
[Date "2025.08.28"]
[Round "1.79"]
[White "Derr, Georg"]
[Black "Masius, Patrick"]
[Result "1/2-1/2"]
[WhiteElo "1607"]
[BlackElo "1956"]
[PlyCount "45"]
[EventDate "2025.08.28"]
[WhiteTeam "VSG 1880 Offenbach"]
[BlackTeam "VfR-SC Koblenz"]

1. e4 c5 2. c3 d5 3. exd5 Qxd5 4. d4 cxd4 5. cxd4 Nc6 6. Nf3 e5 7. Nc3 Bb4 8. dxe5 Bxc3+ 9. bxc3 Qxd1+ 10. Kxd1 Nge7 11. Be3 O-O 12. Bd3 Bg4 13. Bd4 Rfd8 14. Kc2 Bxf3 15. gxf3 Nxd4+ 16. cxd4 Rac8+ 17. Kd2 Rxd4 18. Ke3 Rd5 19. Rhd1 Ng6 20. f4 Rcd8 21. Be2 Rxd1 22. Rxd1 Rxd1 23. Bxd1 1/2-1/2

[Event "34.Schlosspark-Open"]
[Site "Wiesbaden-Biebrich"]
[Date "2025.08.28"]
[Round "1.80"]
[White "Dauster, Ronald"]
[Black "Will, Elina"]
[Result "1/2-1/2"]
[WhiteElo "1954"]
[BlackElo "1606"]
[PlyCount "73"]
[EventDate "2025.08.28"]
[WhiteTeam "FT Schierstein"]
[BlackTeam "TuS Makkabi Wiesbaden"]

1. e4 e6 2. d4 d5 3. Nc3 Bb4 4. e5 c5 5. a3 cxd4 6. axb4 dxc3 7. bxc3 Qc7 8. Nf3 Qxc3+ 9. Bd2 Qc7 10. Bd3 Nc6 11. Qe2 f6 12. exf6 Nxf6 13. b5 Ne7 14. O-O b6 15. c4 O-O 16. Rac1 Qd6 17. Rfe1 dxc4 18. Rxc4 Ned5 19. Rd4 Re8 20. Bb4 Qc7 21. Rc4 Qd7 22. Ba3 Bb7 23. Ne5 Qxb5 24. Rc7 Qb3 25. Rxb7 Qxa3 26. Ng4 Rab8 27. Nxf6+ Nxf6 28. Rxb8 Rxb8 29. Qxe6+ Kh8 30. Qf5 Qc3 31. Re7 Rd8 32. Qg5 Ng8 33. Rxg7 Qxd3 34. Rxg8+ Rxg8 35. Qf6+ Rg7 36. Qd8+ Rg8 37. Qf6+ 1/2-1/2

[Event "34.Schlosspark-Open"]
[Site "Wiesbaden-Biebrich"]
[Date "2025.08.28"]
[Round "1.81"]
[White "Goodwin, David"]
[Black "Pauls, Wilhelm"]
[Result "0-1"]
[WhiteElo "1601"]
[BlackElo "1941"]
[PlyCount "50"]
[EventDate "2025.08.28"]
[WhiteTeam "SV 1920 Kelsterbach"]
[BlackTeam "Sportgemeinschaft Kaarst 1912/35"]

1. Nf3 Nf6 2. g3 g6 3. Bg2 Bg7 4. d4 d6 5. c3 O-O 6. O-O c6 7. Re1 Nbd7 8. e4 e5 9. Bg5 Qb6 10. Qb3 Re8 11. Qxb6 axb6 12. h3 exd4 13. Nxd4 Nc5 14. Bxf6 Bxf6 15. f3 Bxd4+ 16. cxd4 Nb3 17. Nc3 Nxa1 18. Rxa1 b5 19. b3 b4 20. Na4 Be6 21. Rc1 Rxa4 22. bxa4 Bxa2 23. Bf1 Ra8 24. Bc4 Rxa4 25. Bxa2 Rxa2 0-1

[Event "34.Schlosspark-Open"]
[Site "Wiesbaden-Biebrich"]
[Date "2025.08.28"]
[Round "1.82"]
[White "Haßelbacher, Uwe"]
[Black "Schmitz, Bernhard Hubert"]
[Result "1-0"]
[WhiteElo "1936"]
[BlackElo "1598"]
[PlyCount "71"]
[EventDate "2025.08.28"]
[WhiteTeam "Mosbacher SC von 1931"]
[BlackTeam "Vorw.Orient Mainz"]

1. c4 c5 2. g3 e6 3. Bg2 Nf6 4. Nf3 Nc6 5. O-O Be7 6. Nc3 d5 7. cxd5 exd5 8. d4 O-O 9. Bg5 Be6 10. dxc5 d4 11. Bxf6 Bxf6 12. Ne4 Be7 13. Qd2 f5 14. Nd6 Bxd6 15. Ng5 Qd7 16. Nxe6 Qxe6 17. cxd6 Qxd6 18. Rac1 Rac8 19. Rfd1 Rfd8 20. Rc4 b5 21. Rxc6 Rxc6 22. Bxc6 Qxc6 23. Qd3 Qe4 24. Qxb5 Qd5 25. Qxd5+ Rxd5 26. Rd3 Kf7 27. e3 Ke6 28. exd4 Ra5 29. Re3+ Kd7 30. a3 Rb5 31. b3 a5 32. Kf1 Rd5 33. Rd3 Kc6 34. a4 Rd7 35. Rc3+ Kd5 36. Ke2 1-0

[Event "34.Schlosspark-Open"]
[Site "Wiesbaden-Biebrich"]
[Date "2025.08.28"]
[Round "1.83"]
[White "Lüders, Eric"]
[Black "Böhnke, Marc"]
[Result "0-1"]
[WhiteElo "1593"]
[BlackElo "1921"]
[PlyCount "54"]
[EventDate "2025.08.28"]
[WhiteTeam "Schachfreunde Hünstetten"]
[BlackTeam "Schachfreunde Eltville"]

1. d4 Nf6 2. Nf3 e6 3. Nbd2 c5 4. e4 cxd4 5. e5 Nd5 6. Nb3 d6 7. Bg5 Qc7 8. exd6 Bxd6 9. g3 f6 10. Bd2 e5 11. Bg2 Be6 12. Qe2 Qe7 13. O-O O-O 14. Nfxd4 exd4 15. Rfe1 Re8 16. Nxd4 Bf7 17. Qxe7 Rxe7 18. Rxe7 Bxe7 19. c4 Nb6 20. Bxb7 Bxc4 21. Re1 Kf7 22. Nf5 Bf8 23. Be3 N8d7 24. Rc1 Rb8 25. Rxc4 Rxb7 26. Bxb6 Nxb6 27. Nd4 Nxc4 0-1